000
00317nam a22001457a 4500
020
_a
81-300-0433-X
082
_a
894.823
_b
HEM/K
100
_a
HEMINGWAY, EARNEST
245
_a
KIZHAVANUM KADALUM
260
_a
KOZHIKODE
_b
POONA PUBLIATIONS
_c
2009
300
_a
95
520
_a
NOVEL
650
_a
NOVEL
942
_c
BK
999
_c
4927
_d
4927